000 00518nam a2200181Ia 4500
001 20427
005 20260306172805.0
008 260306t2009||||xx |||||||||||||| ||spa||
041 _aESP
082 _a343.2J
_bT81
100 _aTribunal Constitucional del Perú. Centro de Estudios Constitucionales
_eAUT
245 0 _aPrimer diálogo constitucional:
_bjurisprudencia constitucional laboral
260 _c2009
300 _a119 páginas :
_c21cm.
650 _aGEN
654 _aCDE
942 _cLIB
_dJUS
_fJUS
_2ddc
_n
999 _c20427
_d20427